Príprava inteligentnej zlievarenskej formy na meranie energií

Saved in:
Bibliographic Details
Main Author: Sporný, Juraj (Author)
Other Authors: Bartalský, Lukáš (Thesis advisor)
Format: Manuscript Book
Language:Slovak
Published: 2024
Subjects:
Online Access:http://is.stuba.sk/zp/portal_zp.pl?podrobnosti=168380
Tags: Add Tag
No Tags, Be the first to tag this record!

MARC

LEADER 00000ntm a22000003a 4500
001 stuzp99266
003 SK-STU
005 20250304103311.9
007 ta
008 150427s2015----xo-----f-mn---000-0-slo-d
040 |a STU  |b slo 
041 0 |a slo 
100 1 |a Sporný, Juraj  |u 020020  |4 aut  |U SjF Strojnícka fakulta  |T SjF Ústav automatizácie, informatizácie a merania  |X 115701  |U J0020  |Y 802  |7 115701 
242 0 1 |a Preparation of an intelligent foundry mold for energy measurement  |y eng 
245 1 0 |a Príprava inteligentnej zlievarenskej formy na meranie energií 
260 |c 2024 
650 4 |a riadenie  |2 slo 
650 4 |a PLC  |2 slo 
650 4 |a predohrev  |2 slo 
650 4 |a OPC  |2 slo 
650 4 |a meranie výkonu  |2 slo 
650 4 |a MATLAB  |2 slo 
650 4 |a power measurement  |2 eng 
650 4 |a PLC  |2 eng 
650 4 |a preheating  |2 eng 
650 4 |a OPC  |2 eng 
650 4 |a control  |2 eng 
650 4 |a MATLAB  |2 eng 
700 1 |a Bartalský, Lukáš  |u 020020  |k Z1  |4 ths  |U SjF Strojnícka fakulta  |T SjF Ústav automatizácie, informatizácie a merania  |X 57845  |U J0020  |Y 802  |7 A000057845 
856 4 |u http://is.stuba.sk/zp/portal_zp.pl?podrobnosti=168380 
996 |b 284J047749  |c J* 3839/DBP  |l JJSK  |s A  |a 24  |w stuzp99266_0001